R v Docklands Estates Ltd (Record no. 65412)
[ view plain ]
| 000 -LEADER | |
|---|---|
| fixed length control field | 01493cam a2200229 4500 |
| 001 - CONTROL NUMBER | |
| control field | ABS63223 |
| 008 - FIXED-LENGTH DATA ELEMENTS--GENERAL INFORMATION | |
| fixed length control field | 000000n2000 000 0 eng u |
| 035 ## - SYSTEM CONTROL NUMBER | |
| System control number | (Sirsi) u109565 |
| 245 ## - TITLE STATEMENT | |
| Title | R v Docklands Estates Ltd |
| 260 ## - PUBLICATION, DISTRIBUTION, ETC. | |
| Date of publication, distribution, etc. | 2000 |
| 490 ## - SERIES STATEMENT | |
| Series statement | Estates Gazette |
| Volume/sequential designation | [2000] 45 EG 175-176(2) |
| 520 ## - SUMMARY, ETC. | |
| Summary, etc. | CA 4 July 2000. On 3 August 1999 Docklands Estates Ltd (appellent) was convicted of three offences contrary to the Trade Descriptions Act 1968 s13. The prosecution claimed the appellent estate agent company had been engaged in 'fly boarding', which involves erecting 'sold' signs on properties without the owners permission. The appellent was fined £7,500 on each count to be paid within 28 days. The appellent attempted to appeal against the conviction 52 days after the appeal time limit had expired. An extension of time was not granted and the CA decision was only concerned with the appropriateness of the fines. Appeal allowed in part. Fines reduced to £2000 for each of the three offences. Judge considered that fines imposed by magistrates for similar offences under the Town and Country Planning Act are £100 for each offence, and thus for fines to be effective, they must be realistic. |
| 590 ## - LOCAL NOTE (RLIN) | |
| Local note | ABS |
| 650 ## - SUBJECT ADDED ENTRY--TOPICAL TERM | |
| Topical term or geographic name entry element | TRADE DESCRIPTIONS ACT 1968 S13 |
| 650 ## - SUBJECT ADDED ENTRY--TOPICAL TERM | |
| Topical term or geographic name entry element | ESTATE AGENCY |
| 650 ## - SUBJECT ADDED ENTRY--TOPICAL TERM | |
| Topical term or geographic name entry element | TIME LIMITS |
| 650 ## - SUBJECT ADDED ENTRY--TOPICAL TERM | |
| Topical term or geographic name entry element | FINES |
| 650 ## - SUBJECT ADDED ENTRY--TOPICAL TERM | |
| Topical term or geographic name entry element | SOLD BOARDS |
| 650 ## - SUBJECT ADDED ENTRY--TOPICAL TERM | |
| Topical term or geographic name entry element | R V DOCKLANDS ESTATES LTD |
| 690 ## - LOCAL SUBJECT ADDED ENTRY--TOPICAL TERM (OCLC, RLIN) | |
| Topical term or geographic name as entry element | PROPERTY AND LAND LAW-AGENCY-CASE LAW |
| 942 ## - ADDED ENTRY ELEMENTS (KOHA) | |
| Suppress in OPAC | 0 |
| Withdrawn status | Lost status | Source of classification or shelving scheme | Damaged status | Not for loan | Home library | Current library | Shelving location | Date acquired | Total Checkouts | Full call number | Barcode | Date last seen | Copy number | Price effective from | Koha item type |
|---|---|---|---|---|---|---|---|---|---|---|---|---|---|---|---|
| Dewey Decimal Classification | London | London | Journal article | 29/11/2000 | ABS63223 | 109565-1001 | 06/08/2019 | 1 | 06/08/2019 | Law report |